| 000 | 01218cas a22003257ar4500 | ||
|---|---|---|---|
| 005 | 20220329142321.0 | ||
| 008 | 000619d co zr pernn 0 b1spa d | ||
| 010 | _a81584 | ||
| 011 | _a82556 | ||
| 022 | _a0120-3606 | ||
| 035 | _a93055 | ||
| 245 | 0 | 0 |
_aCuadernos de Agroindustria y Economía Rural _c/por Pontificia Universidad Jaberiana. Facultad de Ciencias Economicas y Administrativas |
| 260 | 0 |
_aSantafé de Bogotá : _bPontificia Universidad Javeriana. Facultad de Ciencias Económico Administrativas, _c19?-1993. |
|
| 300 | _av. | ||
| 310 | _aSemestral | ||
| 362 | _an.31, 1993 | ||
| 500 | _aSe dejó de recibir a partir del n. 31 de 1993. | ||
| 590 |
_aBATCH-UPD _b10 _c20130110 _lUCH01 _h0719 |
||
| 590 |
_aBATCH-UPD _b10 _c20130410 _lUCH01 _h0403 |
||
| 590 |
_aBATCH-UPD _b10 _c20130914 _lUCH01 _h1208 |
||
| 590 |
_aCONVERSION _b10 _c20130109 _lUCH01 _h1345 |
||
| 650 | 1 | 4 |
_aDesarrollo rural _xPublicaciones periódicas. _932073 |
| 650 | 1 | 4 |
_aIndustrias agrícolas _xPublicaciones periódicas. _957961 |
| 785 | 0 | _tCuadernos de Desarrollo Rural | |
| 866 | _a26-29 (1991-1992) | ||
| 866 | _an.23-24 (1989-1990) | ||
| 866 | _an.31 (1993) | ||
| 901 | _aSE | ||
| 905 | _aLilia Sánchez G. | ||
| 999 |
_c81584 _d81584 |
||